Vista normal
Vista MARC
Entrada Personal Name
Número de registros utilizados en: 1
001 - CONTROL NUMBER
- control field: 198
003 - CONTROL NUMBER IDENTIFIER
- control field: OSt
005 - DATE AND TIME OF LATEST TRANSACTION
- control field: 20200206095212.0
008 - FIXED-LENGTH DATA ELEMENTS
- fixed length control field: 200206|| aca||aabn | a|a d
040 ## - CATALOGING SOURCE
- Original cataloging agency: OSt
- Transcribing agency: OSt
100 ## - HEADING--PERSONAL NAME
- Personal name: Taibo II, Paco Ignacio,
670 ## - SOURCE DATA FOUND
- Source citation: Work cat.: (OSt): Taibo II, Paco Ignacio, autor, El olor de las magnolias / La libertad, la bicicleta / , 2018